00621nam a22001817a 4500003000400000008004100004020001800045100001100063245007700074260003800151300001000189650002500199700002200224700001700246942001200263999001700275952014700292OSt250227b |||||||| |||| 00| 0 eng d a9788197978593 aANKITA aDigital Fortresses: Safeguarding IOT with Block Chain AND cybersecurity  aNew Delhi bNaples Indian c2024. a416p. aFaculty Publication  aFayaz Ahmad Khan  aMamta Goyal  2ddccBK c13160d13160 00102ddc40708Faculty PublicationaPIETbPIETd2025-02-27eNaples IndiafINRg670.00l0p38664r2025-02-27 00:00:00v670.00w2025-02-04yBK